[Event "EU-ch U12 Girls 25th"]
[Site "Porec"]
[Date "2015.09.30"]
[Round "9"]
[White "Petkova, Denitsa"]
[Black "Kerem, Karolin"]
[Result "1-0"]
[WhiteElo "1497"]
[BlackElo "1324"]
[PlyCount "45"]
[EventDate "2015.09.21"]
[EventType "swiss"]
[EventRounds "9"]
[EventCountry "CRO"]
[SourceTitle "EXT 2016"]
[Source "ChessBase"]
[SourceDate "2015.10.08"]
[SourceVersion "1"]
[SourceVersionDate "2015.10.08"]
[SourceQuality "1"]

1. e4 c5 2. Nf3 Nc6 3. d4 cxd4 4. Nxd4 Nf6 5. Nc3 e5 6. Nb3 Bb4 7. Bd3 0-0 8. Bd2 d6 9. 0-0 Be6 10. h3 d5 11. exd5 Nxd5 12. Nxd5 Bxd5 13. Qh5 e4 14. Bb5 Bxb3 15. Bxb4 Nxb4 16. cxb3 a6 17. Bc4 b5 18. Rfd1 Qb6 19. Bd5 Nxd5 20. Qxd5 e3 21. Qf3 Rfe8 22. Rd7 Ra7 23. Qxf7+ 1-0

[Event "EU-ch U12 Girls 25th"]
[Site "Porec"]
[Date "2015.09.22"]
[Round "2"]
[White "Rzali, Sabina"]
[Black "Kerem, Karolin"]
[Result "1-0"]
[WhiteElo "1583"]
[BlackElo "1324"]
[PlyCount "81"]
[EventDate "2015.09.21"]
[EventType "swiss"]
[EventRounds "9"]
[EventCountry "CRO"]
[SourceTitle "EXT 2016"]
[Source "ChessBase"]
[SourceDate "2015.10.08"]
[SourceVersion "1"]
[SourceVersionDate "2015.10.08"]
[SourceQuality "1"]

1. e4 c5 2. Nc3 Nc6 3. Nf3 e5 4. d3 h6 5. Nd5 Nge7 6. c4 d6 7. h3 Nd4 8. Nxd4 cxd4 9. Nxe7 Bxe7 10. Be2 Be6 11. 0-0 0-0 12. Bg4 Qc8 13. Bxe6 Qxe6 14. Bd2 Rac8 15. a3 f5 16. Qe2 fxe4 17. Qxe4 b6 18. Rac1 Qf7 19. f4 Bf6 20. b4 exf4 21. Rxf4 Rfe8 22. Qf3 Qd7 23. Rg4 Kh8 24. Bxh6 Kh7 25. Bd2 Rf8 26. Qe4+ Kg8 27. Rf1 Rce8 28. Qd5+ Kh8 29. Qh5+ Kg8 30. Rg6 Be5 31. Rf3 Rxf3 32. Qxf3 Rf8 33. Qd5+ Kh7 34. Rg4 Qf5 35. Rh4+ Kg6 36. Qe4 Qxe4 37. Rxe4 Kh7 38. Be1 Rc8 39. Bf2 Kg6 40. Bxd4 Bxd4+ 41. Rxd4 1-0